000 00830nas a2200277 4500
001 BR9201368
003 BR-BrBNA
005 20231205092407.0
007 ta
008 230509b bl.|||p| |||| 00| 00por d
040 _aBR-BrBNA
_bpor
_cBiblioteca Nacional de Agricultura
041 _a(Pt)
072 _aQ02
100 1 _aAlvim, T. da C.
100 1 _aMesquita Filho, J.A. de
100 1 _aBrandao, S.C.C.
245 1 _aEsterilizacao de leite de cabra em latas
650 _aCABRA LEITEIRA
650 _aLEITE
650 _aESTERILIZACAO
650 _aPROCESSAMENTO
650 _aPRESERVACAO DE ALIMENTO
773 0 _tRevista do Instituto de Laticinios Candido Tostes (Brazil)
_xISSN 0100-3674
_g(Nov-Dec 1988), v. 43(260) p. 35-39
_wBR9201368
909 _a202311
_bLúcia
_c55
_dLúcia Elande
942 _2AGRIS
_n0
_cANA
999 _c131393
_d131393